4 indices, 1 ville (2ème partie) - Statistiques

Statistiques générales
  • Ce quiz a été pris 80 fois
  • Le résultat moyen est 9 sur 15
Statistiques - réponses
Indices descriptifs Villes à deviner % Correct
Occitanie, Capitole, Ville Rose, Claude Nougaro Toulouse
100%
Danemark, mer Baltique, Vikings, Tour de France 2022 Copenhague
79%
Pyrénées Atlantiques, aviron, chocolat, jambon Bayonne
76%
Massachussetts, Tea Party, marathon festival de musique baroque Boston
73%
Amérique du Nord, Antilles, rastafari, Usain Bolt Kingston
72%
Asie, détroit du Bosphore, chats, empire ottoman Istanbul
69%
Maghreb, montagnes de l'Atlas, ville ocre, médina Marrakech
66%
Scandinavie, citadelle d'Akershus, musée Munch, Harald III Oslo
65%
Océanie, capitale, plat à base de bœuf, Peter Jackson Wellington
65%
Afrique australe, capitale administrative, ville des Jacarandas, afrikaans Pretoria
63%
Europe, ours d'or, Goodbye Lenin, Philarmonie Berlin
61%
Amérique latine, Pampa, librairie El Ateneo, Rallye Dakar 2009 Buenos Aires
54%
Hémisphère sud, Queensland, Jeux Olympiques, The Old Windmill Brisbane
37%
Alaska, pétrole, tremblement de terre, Aces de l'Alaska Anchorage
28%
Asie du Sud-Est, temple bouddhiste, Mékong, Tuol Sleng Phnom Penh
28%
Aucun quiz correspondant
Distribution des résultats
% des personnes avec chaque résultat
Percentile par nombre de réponses
Votre historique - résultats
Vous n’avez pas pris ce quiz